|
|
|
|
| LEADER |
00000nab a2200000 a 4500 |
| 001 |
vtls001020814 |
| 003 |
SK-MaSNL |
| 005 |
20260303035259.0 |
| 008 |
040720e20030904xo 0 slo |
| 035 |
|
|
|a SN6715
|
| 040 |
|
|
|a SNSK
|b slo
|c SNSK
|e AACR2
|
| 041 |
0 |
|
|a slo
|
| 044 |
|
|
|a xo
|c SK
|
| 080 |
|
|
|a 362.111
|2 1981
|
| 080 |
|
|
|a 334.722
|2 1981
|
| 100 |
1 |
|
|a Šimoňáková, Mária,
|d 1978-
|4 aut
|9 115064
|
| 245 |
1 |
0 |
|a Krompašská nemocnica s dlhom vo výške 16,5 milióna korún bude súkromnou inštitúciou
|b zmenapodľa poslaneckého názoru dlh by mali znášať aj okolité obce
|
| 300 |
|
|
|b 1 foto
|
| 610 |
2 |
7 |
|a Nemocnica s poliklinikou (Krompachy, Slovensko)
|2 SNSK
|9 58943
|
| 610 |
2 |
7 |
|a do r. 2004
|2 SNSK
|9 1021700
|
| 650 |
0 |
7 |
|a privatizácia
|2 SNSK
|9 2343
|
| 650 |
0 |
7 |
|a priebeh
|2 SNSK
|9 29559
|
| 651 |
|
7 |
|a Krompachy (Slovensko)
|2 SNSK
|9 43389
|
| 651 |
|
7 |
|a SN,
|2 SNSK
|9 1021277
|
| 655 |
|
7 |
|a periodikum
|2 snkbucl
|9 29553
|
| 710 |
2 |
|
|a Nemocnica s poliklinikou (Krompachy, Slovensko)
|4 aut
|9 58943
|
| 773 |
0 |
8 |
|t Spišský denník
|g Roč. 5, č.203, 4.9.2003, s. 1
|x 1335-759X
|
| 852 |
|
|
|a ZVYKNI
|b KIS3GCP
|
| 999 |
|
|
|c 1676843
|d 1678773
|